Junta Nacional de Jardines Infantiles: 1983-1989

Gorde:
Xehetasun bibliografikoak
Formatua: Liburua
Hizkuntza:gaztelania
Argitaratua: Santiago JUNJI 1989
Gaiak:
Etiketak: Etiketa erantsi
Etiketarik gabe, Izan zaitez lehena erregistro honi etiketa jartzen!

MARC

LEADER 00000nam a2200000 a 4500
001 UCY0192
003 CL-VaPUC
008 940718e19890000CL |||||||||||||||||spa|d
082 0 4 |a 372.21  |b JUN  |2 21 
245 1 0 |a Junta Nacional de Jardines Infantiles: 1983-1989 
300 |a 75 p 
942 |c BK 
945 |d 19940718 00:00:00  |a rbrito 
260 |a Santiago  |b JUNJI  |c 1989 
600 0 7 |a JUNJI  |2 CL-VaPUC  |9 327832 
650 7 |a JARDINES INFANTILES 1983-1989  |2 CL-VaPUC  |9 327833 
651 7 |a CHILE  |2 CL-VaPUC  |9 327834 
583 |a last modification  |c 19940718 00:00:00  |k Rodrigo Vera 
999 |c 229263  |d 229261 
952 |0 0  |1 0  |4 0  |6 372_210000000000000_JUN_1989  |7 0  |8 A  |9 230154  |a BIBEDU  |b BIBEDU  |c ES_NOD  |d 2019-11-15  |i 2986973  |o 372.21 JUN 1989  |p 2986973  |r 2023-08-09  |w 2019-11-15  |y BK  |k EDU